000 00439cam a2200169 4500
001 D16206
008 090401t1963 xxu||||| |||| 00| 0 eng d
035 _a(Sirsi) u95296
041 _aeng
110 _aChartered Auctioneers` & Estate Agents` Institute
245 2 _aA short account of its origin and activities
260 _a13p
_bCAEAI
_c1963
350 _a0
520 _aFiled in box 1963/23A
942 _n0
948 _c04/03/1997
999 _c98393
_d98393